000 00817nam a2200229Ii 4500
003 JO-AjNU
008 230605s9999||||xx |||||||||||||| ||und||
017 _a2007/7/1960
020 _a978-9957-02-302-7
040 _aJO-AjNU
_bara
_erda
_cJO-AjNU
041 _aara
050 1 4 _aJC49.M844 2007
100 3 _aالمومني، أحمد محمد خلف,
_eauthor
_946425
245 0 0 _aنظام الحكم في الإسلام : السياسة الشرعية دراسة مقارنة بالأنظمة المعاصرة
250 _aط1
264 3 1 _aعمان: دار مجدلاوي للنشر والتوزيع، 2007
300 _a188ص
336 _atext
_btxt
_2rdacontent
337 _aunmediated
_bn
_2rdamedia
338 _avolume
_bnc
_2rdacarrier
650 4 _aنظام الحكم في الاسلام
_946426
999 _aA20195
_c23763
_d23763